00651nam a2200205 a 450000100100000000500170001000800410002702000150006804000250008308200200010810000280012824500600015626000400021630000210025649000270027750000630030465000240036765000270039183000270041800000660320240412074204.0090901s2007 xxu r 001 0 spa d a0979101123 aDO-SdBNPbspacBNPHU aRD861.44bM663h1 aMinaya, Leopoldod1963-13aLa hora llena :bpoemas imaginarios /cLeopoldo Minaya. aNew York :bObsidiana Press,c2007. a140 p. ;c22 cm.1 aNuevos grandes autores aIncluye datos biográficos del autor en la contracubierta 0aPoesía dominicana 0aLiteratura dominicana. 0aNuevos grandes autores